Statistiques concernant Chaud ou Froid ?

Cliquez ici pour prendre le quiz!

Statistiques générales

  • Ce quiz a été pris 990 fois
  • Le résultat moyen est 15 sur 20

Statistiques - réponses

HintRéponse% Correct
La couleur orangeChaud
92%
Le produit d'une fusion nucléaireChaud
89%
Le mois de décembre en AustralieChaud
88%
Le Vide de l'UniversFroid
88%
Utilisé en cryothérapieFroid
87%
La Sorcière Blanche dans NarniaFroid
86%
0 KelvinFroid
78%
La Terre à sa formationChaud
77%
La Vallée de la MortChaud
77%
Le sang des reptilesFroid
77%
Le milieu de vie du narvalFroid
77%
La stratosphèreFroid
72%
Les sueurs d'effroiFroid
72%
Un maté traditionnelChaud
70%
Se dit kalt en allemandFroid
61%
Une étoile en fin de vie
(naine blanche)
Chaud
60%
Vénus (planète)Chaud
59%
La planète Hoth dans l'univers Star WarsFroid
57%
Les enfers dans la mythologie nordique (Helheim)Froid
56%
L'asthénosphèreChaud
42%

Distribution des résultats

Percentile par nombre de réponses

% des personnes avec chaque résultat

Votre développement - résultats

Vous n’avez pas pris ce quiz